Morphological characterization of new banana clones-elites (Registro n. 330908)
[ somente texto ]
| 000 -LÍDER | |
|---|---|
| fixed length control field | 04191nab a2200313 i 4500 |
| 003 - CÓDIGO MARC DA AGÊNCIA CATALOGADORA | |
| Campo de controle | BR-BrBNA |
| 005 - DATA E HORA DA ÚLTIMA ATUALIZAÇÃO | |
| Campo de controle | 20250408105327.0 |
| 008 - CAMPO DE TAMANHO FIXO | |
| fixed length control field | 250408b2023 bl.ar|pooa||| 00| 0 eng | |
| 040 ## - FONTE DA CATALOGAÇÃO | |
| Agência catalogadora | BR-BrBNA |
| Idioma da catalogação | eng |
| 072 ## - CATEGORIA AGRIS | |
| Código AGRIS | F30 |
| Código do objeto | 1112 |
| 100 ## - ENTRADA PRINCIPAL - NOME PESSOAL | |
| Nome pessoal | Soares, Thaís Angélica de Souza |
| 100 ## - ENTRADA PRINCIPAL - NOME PESSOAL | |
| Nome pessoal | Pereira, Marlon Cristian Toledo |
| 100 ## - ENTRADA PRINCIPAL - NOME PESSOAL | |
| Nome pessoal | Almeida, Lucicléia Borges de |
| 100 ## - ENTRADA PRINCIPAL - NOME PESSOAL | |
| Nome pessoal | Nietsche, Silvia |
| 100 ## - ENTRADA PRINCIPAL - NOME PESSOAL | |
| Nome pessoal | Pimenta, Samy |
| 100 ## - ENTRADA PRINCIPAL - NOME PESSOAL | |
| Nome pessoal | Rodrigues, Bruno Rafael Alves |
| 245 ## - TÍTULO PRINCIPAL | |
| Título principal | Morphological characterization of new banana clones-elites |
| 500 ## - NOTA GERAL | |
| Nota geral | <br/>Publicação online; 19 ref.; 6 illus.; 4 tables; Summaries (En, Pt) |
| 942 ## - ADDED ENTRY ELEMENTS (KOHA) | |
| Koha item type | Analítica |
| 520 ## - NOTA DE RESUMO | |
| Nota de conteúdo | <br/><br/><br/>Abstract - The characterization of clones is a very important step in genetic certification programs, as it describes and recognizes the plant material at every stage of production, allowing the monitoring of genetic quality, improvement and conservation of the germplasm. The aim of this work was to morphologically characterize two elite banana clones. The experimental design applied was in randomized blocks, with four replications, with six plants per parcel. The treatments consisted of two elite banana clones, Prata Gorutuba R1 and Prata Gorutuba R2 and four commercial cultivars: Prata Gorutuba, Prata Ana, Grande Naine and BRS Princesa. The morphological characterization was carried out in the second production cycle (daughter plant), using 23 qualitative descriptors, visually evaluated, classified according to the instructions for carrying out the distinguishability, homogeneity and stability (DHS) tests of banana cultivars. The elite clones Prata Gorutuba R1 and R2 differed from the cultivars Grande Naine and BRS Princesa regarding the descriptors tapering of the pseudostem, predominant color of the pseudostem, intensity of anthocyanin coloration and color of the underside of the basal sheath. The descriptors made it possible to group elite clones into the Prata group, a group that predominates in crops in Brazil, with characteristics already widely accepted by the market.<br/><br/><br/>Terms for indexing - Musa spp.; ‘Prata Gorutuba’; ‘Prata-Ana’; Cultivars registration. |
| 520 ## - NOTA DE RESUMO | |
| Nota de conteúdo | <br/><br/><br/>Resumo - A caracterização dos clones é uma etapa de suma importância em programas de certificação genética, pois descreve e reconhece o material vegetal em toda etapa de produção, permitindo o monitoramento da qualidade genética, o melhoramento e a conservação do germoplasma. Objetivou-se com este trabalho caracterizar, morfologicamente, dois clones-elites de bananeira. O delineamento utilizado foi em blocos ao acaso, com quatro repetições, sendo seis plantas úteis. Os tratamentos foram compostos por dois clones-elites de bananeira Prata Gorutuba R1 e Prata Gorutuba R2 e quatro cultivares comerciais: Prata Gorutuba, Prata-Anã, Grande Naine e BRS Princesa. A caracterização morfológica foi realizada no segundo ciclo de produção (planta-filha), utilizando 23 descritores qualitativos, avaliados visualmente, classificados de acordo com as instruções para execução dos ensaios de distinguibilidade, homogeneidade e estabilidade (DHE) de cultivares de bananeira. Os clones-elites Prata Gorutuba R1 e R2 diferiram das cultivares Grande Naine e BRS Princesa referente aos descritores afunilamento do pseudocaule, cor predominante do pseudocaule, intensidade da coloração antocianínica e cor da face inferior da bainha basal. Os descritores possibilitaram agrupar os clones-elites no grupo Prata, grupo este predominante em cultivos no Brasil, com características já amplamente aceitas pelo mercado.<br/><br/><br/>Termos para indexação - Musa spp.; ‘Prata Gorutuba’; ‘Prata-Anã’; Registration of cultivars. |
| 650 ## - ASSUNTO - THESAGRO | |
| Cabeçalho tópico ou nome geográfico | BANANA |
| 650 ## - ASSUNTO - THESAGRO | |
| Cabeçalho tópico ou nome geográfico | CLONE |
| 650 ## - ASSUNTO - THESAGRO | |
| Cabeçalho tópico ou nome geográfico | MORFOLOGIA VEGETAL |
| 650 ## - ASSUNTO - THESAGRO | |
| Cabeçalho tópico ou nome geográfico | MELHORAMENTO GENÉTICO VEGETAL |
| 773 0# - ENTRADA ANALÍTICA | |
| Host Biblionumber | 805 |
| Registro do item | 349549 |
| Imprenta | Jaboticabal-SP Sociedade Brasileira de Fruticultura 1978 |
| Outro identificador | 2025-2069 |
| Título | Revista Brasileira de Fruticultura (Brazil) |
| ISSN | 0100-2945 |
| Colação | v. 45 p. 1-10; (2023) |
| Número de controle de registro | BR2025000581 |
| 856 ## - ACESSO E ENDEREÇO ELETRÔNICO | |
| Identificador uniforme de recurso - URI | https://www.scielo.br/j/rbf/a/xKJFn6mB585Pp64FWWW9rnz/?format=pdf&lang=en |
Nenhum exemplar disponível.

BINAGRI